000 00370cam a2200157ua 4500
041 _aeng
_h
082 _a828.09
_bDOB/LA
100 _aDobree, Bonamy .
245 _aLamp and the lute /
_cBonamy Dobree.
_hTextual Documents
250 _a2 /
_b.
260 _a :
_bFrank Cass & Co ,
_c1964.
300 _a171 ; .
504 _a
942 _cBK
999 _c6526
_d6526